000 01231nam a2200337Ia 4500
001 dia_5595
003 CHAP
005 20240403115625.0
007 ta
008 220117s1995 mx fr 001 0 spa d
040 _cCHAP
_amxchpua
090 _aT.C.201
_bG37 ETIPA
_c1995
245 1 0 _aReporte final del viaje realizado a la fábrica de alcohol del ingenio Tamazula, Jalisco, México /
_ccoordinador Luis Ramiro García Chávez ; colaboradores Florencia Baltazar López...[et al.]
260 _aMéxico :
_bEl autor,
_c1995
300 _acerca 50 hojas :
_btablas
336 _2rdacontent
_atexto
_btxt
337 _2rdamedia
_asin medio
_bn
338 _2rdacarrier
_avolumen
_bnc
502 _aViaje de Estudios
_b(ETIPA) --
_cUACh. Departamento de Ingeniería Agroindustrial,
_d1995
504 _aIncluye bibliografía
650 1 3 _aAlcoholes del azúcar
_9159025
650 1 3 _aSugar alcohols
_9159026
700 1 _aBaltazar López, Florencia
_99773
_ecolaborador
700 1 _aGarcía Chávez, Luis Ramiro
_ecoordinador
_945860
901 _aT.C.201 G37 ETIPA 1995
902 _aM
905 _a5332271995 mx n 8223123322spa16
942 _2local
942 _cVE
999 _c176520
_d176520